UBT Library

Fundamentals of Organic Chemistry (Record no. 58095)

000 -LEADER
fixed length control field 00326nam a22001457a 4500
008 - FIXED-LENGTH DATA ELEMENTS--GENERAL INFORMATION
fixed length control field 210609b ||||| |||| 00| 0 eng d
020 ## - INTERNATIONAL STANDARD BOOK NUMBER
International Standard Book Number 9781439050378
041 ## - LANGUAGE CODE
Language code of text/sound track or separate title eng
080 ## - UNIVERSAL DECIMAL CLASSIFICATION NUMBER
Edition identifier 7th
Universal Decimal Classification number 54
082 ## - DEWEY DECIMAL CLASSIFICATION NUMBER
Classification number 54
100 ## - Rafti
Rafti 12
101 ## - Shkurtesa
Shkurtesa KIM
245 ## - TITLE STATEMENT
Title Fundamentals of Organic Chemistry
Statement of responsibility, etc Murry,J.M
942 ## - ADDED ENTRY ELEMENTS (KOHA)
Source of classification or shelving scheme
Item type Books
Holdings
Withdrawn status Lost status Source of classification or shelving scheme Damaged status Not for loan Collection code Permanent location Current location Shelving location Date acquired Total Checkouts Full call number Barcode Date last seen Price effective from Koha item type
          Koleksioni i përgjithshem UBT - Lipjan UBT - Lipjan Koleksioni i përgjithshem 06/09/2021   54 MUR 002-7004120 06/09/2021 06/09/2021 Books
UBT Library © 2015-2024. All rights reserved University Education for Business and Technology